| 000 | 02386nam a2200469Ia 4500 | ||
|---|---|---|---|
| 001 | dia_3782 | ||
| 003 | CHAP | ||
| 005 | 20240229130951.0 | ||
| 007 | ta | ||
| 008 | 220117s2006 mx abo f 001 0 spa d | ||
| 040 |
_amxchpua _cCHAP |
||
| 090 |
_aT.C.422 _bP47 IAI _c2006 |
||
| 245 | 1 | 0 |
_aReporte de viaje de estudios a la zona centro-sur del estado de Tamaulipas / _ccoordinador Fernando Pérez Pelayo ; colaboradores Gricelda Alcántara Sánchez...[et al.] |
| 260 |
_aMéxico : _bEl autor, _c2006 |
||
| 300 |
_a88 hojas: _bilustraciones, tablas, mapas, fotos |
||
| 336 |
_2rdacontent _atexto _btxt |
||
| 337 |
_2rdamedia _asin medio _bn |
||
| 338 |
_2rdacarrier _avolumen _bnc |
||
| 500 | _aGrado: 5° año | ||
| 502 |
_aViaje de estudios _b(IAI) -- _cUACh. Departamento de Ingeniería Agroindustrial, _d2006 |
||
| 504 | _aBibliografía: hoja 88 | ||
| 505 | 1 | 0 | _tEmpresas visitadas: -- 1.Acuicultura Tecnificada de Tamaulipas (ACUACAM) -- 2.Empacadora Ganadera de Tamaulipas, S. A. de C. V. -- 3.Instituto Nacional de Investigaciones Forestales, Agrícolas y Pecuarias (INIFAP) -- 4.Rancho La Gloria -- 5.INFAP Aldama -- 6.Rancho El Colorado -- 7.Municipio de Ocampo -- 8.Trapiche -- 9.Ingenio azucarero Cd. Mante -- 10.FIRA -- 11.Sociedad de Productores Villa de Santillana, S. P. R. de R. L. -- 12.Comercialización de Productos Pesqueros y Engorda El Lirio, S. C. de R. L. -- 13.Fábrica de mezcal El Tinieblo -- 14.Vivero forestal -- 15.PROCIMART, S. A. de C. V. -- 16.Empacadora de limones Citro SEL, S. A. de C. V. -- 17.SEMARNAT -- 18.Universidad Autónoma de Tamaulipas |
| 650 | 1 | 3 |
_aCamarón _917762 |
| 650 | 1 | 3 | _aCaña de azúcar |
| 650 | 1 | 3 |
_aChile _9147902 |
| 650 | 1 | 3 |
_aCítricos _924392 |
| 650 | 1 | 3 |
_aIndustria de los alimentos _9152869 _zMéxico _zTamaulipas |
| 650 | 1 | 3 |
_aProductos cárnicos _9147832 |
| 650 | 1 | 3 |
_aMeat products _9147939 |
| 650 | 1 | 3 |
_aFood industry _9152868 _zMexico _zTamaulipas |
| 650 | 1 | 3 |
_aShrimps _9154221 |
| 650 | 1 | 3 |
_aCane sugar _9148427 |
| 650 | 1 | 3 |
_aCitrus fruits _9152026 |
| 700 | 1 |
_aPérez Pelayo, Fernando _9147691 _ecoordinador |
|
| 700 | 1 |
_aAlcantara Sánchez, Griselda _9154218 _ecolaboradora |
|
| 901 | _aT.C.422 P47 IAI 2006 | ||
| 902 | _aM | ||
| 905 | _a5232272006 mx bd 8223123322spa16 | ||
| 942 | _2local | ||
| 942 | _cVE | ||
| 999 |
_c174374 _d174374 |
||